The facilities-property management interface (Record no. 64200)

MARC details
000 -LEADER
fixed length control field 00861cam a2200241 4500
001 - CONTROL NUMBER
control field ABS62610
008 - FIXED-LENGTH DATA ELEMENTS--GENERAL INFORMATION
fixed length control field 000000n2000 000 0 eng u
035 ## - SYSTEM CONTROL NUMBER
System control number (Sirsi) u107370
100 ## - MAIN ENTRY--PERSONAL NAME
Personal name Pitt, M.
245 #4 - TITLE STATEMENT
Title The facilities-property management interface
260 ## - PUBLICATION, DISTRIBUTION, ETC.
Date of publication, distribution, etc. 2000
490 ## - SERIES STATEMENT
Series statement Facilities Management
Volume/sequential designation 7(9) July 2000, 10-11(9)
520 ## - SUMMARY, ETC.
Summary, etc. Argues that traditional organisational structures do not allow for the integration of the strategic dimensions of facilities management. Puts forward a case for an integrative approach to facilities and property management. References.
590 ## - LOCAL NOTE (RLIN)
Local note ABS
650 ## - SUBJECT ADDED ENTRY--TOPICAL TERM
Topical term or geographic name entry element Property management
9 (RLIN) 6262
650 ## - SUBJECT ADDED ENTRY--TOPICAL TERM
Topical term or geographic name entry element INTEGRATION
650 ## - SUBJECT ADDED ENTRY--TOPICAL TERM
Topical term or geographic name entry element ORGANISATIONAL STRUCTURE
650 ## - SUBJECT ADDED ENTRY--TOPICAL TERM
Topical term or geographic name entry element COOPERATION
650 ## - SUBJECT ADDED ENTRY--TOPICAL TERM
Topical term or geographic name entry element STRATEGY
690 ## - LOCAL SUBJECT ADDED ENTRY--TOPICAL TERM (OCLC, RLIN)
Topical term or geographic name as entry element MANAGEMENT-FACILITIES MANAGEMENT
700 ## - ADDED ENTRY--PERSONAL NAME
Personal name Hinks, J.
942 ## - ADDED ENTRY ELEMENTS (KOHA)
Suppress in OPAC 0
Holdings
Withdrawn status Lost status Source of classification or shelving scheme Damaged status Not for loan Home library Current library Shelving location Date acquired Total Checkouts Full call number Barcode Date last seen Copy number Price effective from Koha item type
    Dewey Decimal Classification     London London Journal article 27/07/2000   ABS62610 107370-1001 06/08/2019 1 06/08/2019 Journal article